00223nam a2200097 a 4500008004100000050002100041100001700062245001500079246002200094350000900116120416s9999 xx |||||||||||||| || u aTX 945.5.M33 Lov aLove, John F10aMcDonald's abehind the arches a0.00